Some nomographs for the calculation of drain spacings
I tiakina i:
| Kaituhi matua: | |
|---|---|
| Hōputu: | Pukapuka |
| Reo: | Ingarihi |
| I whakaputaina: |
Wageningen
ILRI
1979
|
| Rangatū: | Bulletin, 8
|
| Ngā marau: | |
| Ngā Tūtohu: |
Tāpirihia he Tūtohu
Kāore He Tūtohu, Me noho koe te mea tuatahi ki te tūtohu i tēnei pūkete!
|
MARC
| LEADER | 00000nam a2200000 a 4500 | ||
|---|---|---|---|
| 001 | UCT0866 | ||
| 003 | CL-VaPUC | ||
| 008 | 960913e19790000ne |||||||||||||||||eng|d | ||
| 082 | 0 | 4 | |a 627.54 |b VAN |2 21 |
| 100 | 0 | |a Van Beers, W. F. J |e author |9 369413 | |
| 245 | 1 | 0 | |a Some nomographs for the calculation of drain spacings |
| 300 | |a 48 p | ||
| 942 | |c BK | ||
| 945 | |d 19960913 00:00:00 |a nastorga | ||
| 260 | |a Wageningen |b ILRI |c 1979 | ||
| 650 | 0 | |a Drenaje |9 262510 | |
| 650 | 7 | |a CUENCAS DE DRENAJE |2 CL-VaPUC |9 369414 | |
| 650 | 7 | |a DRENAJE DEL TERRENO |2 CL-VaPUC |9 369415 | |
| 650 | 0 | |a Ingeniería hidráulica |9 260281 | |
| 650 | 7 | |a INGENIERIA DE DRENAJE |2 CL-VaPUC |9 369416 | |
| 650 | 0 | |a Tecnología |9 256742 | |
| 583 | |a last modification |c 20150511 05:52:36 |k Rodrigo Vera | ||
| 490 | 0 | |a Bulletin, 8 | |
| 999 | |c 251559 |d 251557 | ||
| 952 | |0 0 |1 0 |4 0 |6 627_540000000000000_VAN_1979 |7 0 |8 A |9 270817 |a BIBAGR |b BIBAGR |d 2019-11-19 |i 3228967 |l 2 |o 627.54 VAN 1979 |p 3228967 |r 2025-01-20 |s 2023-08-24 |w 2019-11-19 |y BK |k AGR | ||